<?xml version="1.0" encoding="UTF-8"?>
<record
    xmlns:xsi="http://www.w3.org/2001/XMLSchema-instance"
    xsi:schemaLocation="http://www.loc.gov/MARC21/slim http://www.loc.gov/standards/marcxml/schema/MARC21slim.xsd"
    xmlns="http://www.loc.gov/MARC21/slim">

  <leader>01224nam a22003017a 4500</leader>
  <controlfield tag="001">6364</controlfield>
  <controlfield tag="003">FISKH</controlfield>
  <controlfield tag="005">20250424095643.0</controlfield>
  <controlfield tag="008">250424b        cb ||||| |||| 00| 0 eng d</controlfield>
  <datafield tag="020" ind1=" " ind2=" ">
    <subfield code="a">9781741797152</subfield>
  </datafield>
  <datafield tag="040" ind1=" " ind2=" ">
    <subfield code="a">FISKH</subfield>
    <subfield code="b">eng</subfield>
    <subfield code="c">FISKH</subfield>
    <subfield code="d">FISKH</subfield>
  </datafield>
  <datafield tag="050" ind1=" " ind2=" ">
    <subfield code="a">DS556.25 .F56</subfield>
  </datafield>
  <datafield tag="082" ind1=" " ind2=" ">
    <subfield code="a">915.970444</subfield>
  </datafield>
  <datafield tag="100" ind1=" " ind2=" ">
    <subfield code="a">Ray, Nick</subfield>
  </datafield>
  <datafield tag="245" ind1=" " ind2=" ">
    <subfield code="a">Vietnam /</subfield>
    <subfield code="c">This edition written and researched by Lain Stewart, Brett Atkinson, Peter Dragicevich and Nick Ray </subfield>
  </datafield>
  <datafield tag="260" ind1=" " ind2=" ">
    <subfield code="a">Fort Mill :</subfield>
    <subfield code="b">Lonely Planet Publications Pty Ltd ,</subfield>
    <subfield code="c">2012.</subfield>
  </datafield>
  <datafield tag="300" ind1=" " ind2=" ">
    <subfield code="a">551 pages : </subfield>
    <subfield code="b">color illustrations , maps ;</subfield>
    <subfield code="c">20 cm .</subfield>
  </datafield>
  <datafield tag="490" ind1=" " ind2=" ">
    <subfield code="a">Lonely Planet </subfield>
  </datafield>
  <datafield tag="505" ind1=" " ind2=" ">
    <subfield code="a">Z 

</subfield>
  </datafield>
  <datafield tag="520" ind1=" " ind2=" ">
    <subfield code="a">Lonely Planet's Vietnam is our most comprehensive guide that extensively covers all the country has to offer, with recommendations for both popular and lesser-known experiences. Kayak through Halong Bay, sample street food in Hanoi and immerse yourself in a rich history; all with your trusted travel companion.</subfield>
  </datafield>
  <datafield tag="521" ind1="8" ind2=" ">
    <subfield code="a">1000 
</subfield>
    <subfield code="b">Lexile 
</subfield>
  </datafield>
  <datafield tag="521" ind1="8" ind2=" ">
    <subfield code="a">Z 
</subfield>
    <subfield code="b">Raz-Plus 
</subfield>
  </datafield>
  <datafield tag="650" ind1=" " ind2=" ">
    <subfield code="a">Lonely Planet</subfield>
    <subfield code="v">Non-fiction</subfield>
  </datafield>
  <datafield tag="650" ind1=" " ind2=" ">
    <subfield code="a">Travel guide</subfield>
    <subfield code="v">Non-fiction</subfield>
  </datafield>
  <datafield tag="700" ind1=" " ind2=" ">
    <subfield code="a">Stewart, Lain </subfield>
    <subfield code="e">Illustrator </subfield>
  </datafield>
  <datafield tag="942" ind1=" " ind2=" ">
    <subfield code="2">ddc</subfield>
    <subfield code="c">BK</subfield>
    <subfield code="n">0</subfield>
  </datafield>
  <datafield tag="999" ind1=" " ind2=" ">
    <subfield code="c">6364</subfield>
    <subfield code="d">6364</subfield>
  </datafield>
  <datafield tag="952" ind1=" " ind2=" ">
    <subfield code="0">0</subfield>
    <subfield code="1">0</subfield>
    <subfield code="2">ddc</subfield>
    <subfield code="4">0</subfield>
    <subfield code="7">0</subfield>
    <subfield code="8">NFIC</subfield>
    <subfield code="a">002</subfield>
    <subfield code="b">002</subfield>
    <subfield code="c">SNS</subfield>
    <subfield code="d">2025-04-24</subfield>
    <subfield code="l">0</subfield>
    <subfield code="o">RAY 915.970444 DS556.25 .F56</subfield>
    <subfield code="p">2025-1110</subfield>
    <subfield code="r">2025-04-24 09:46:01</subfield>
    <subfield code="w">2025-04-24</subfield>
    <subfield code="y">BK</subfield>
  </datafield>
</record>
